000 01329nam a2200277 a 4500
001 52508
003 BD-RjUL
005 20211209075823.0
008 160921t19741972ii ||||| |||| 00| 0 ben d
020 _c: Rs. 13.50
035 _a(BD-RjUL)52628
040 _aBD-RjUL
_bben
_cBD-RjUL
041 _aben
082 _223
_a891.443
_bSHP 1974
100 1 _aশরর, আবদুল হলীম
_9157022
245 1 0 _aপুরনো লখনঊ :
_bগুযিশতা লখনঊ /
_cআবদুল হলীম শরর ; মুনীরা খাতুন ও গুরুদাস ভট্টাচার্য অনুবাদক
260 _aনয়া দিল্লী :
_bন্যাশনাল বুক ট্রাস্ট,
_c১৯৭৪
300 _aতের, ৩৯৪ পৃ. ;
_c২০ সেমি.
490 _aঅন্তর্ভারতীয় গ্রন্থ-মালা
650 _aবাংলা উপন্যাস
_9157023
650 _aBengali fiction
_9157024
700 _aখাতুন, মুনীর্‌ অনুবাদক
_9157025
700 _aভট্টাচার্য, গুরুদাস, অনুবাদক
_9157026
830 _aঅন্তর্ভারতীয় গ্রন্থ-মালা
_9157027
942 _2ddc
_cBK
999 _c52508
_d52508